01361nabaa22002057a 4500999001500000003000400015005001700019008004100036040000700077100003600084245005500120300001300175500003700188505064300225505008900868650003200957650002600989773012701015942001301142 c6319d6319OSt20260130195520.0190701b xxu||||| |||| 00| 0 spa d cPJ 96994aKirpach, María Belén 13aDe la doble instancia /cMaría Belén Kirpach.  ap. 56-76 aCita: TR LALEY AR/DOC/2596/2025  aSumario: I. Organización judicial. Los sistemas de política recursiva.— II. De la conveniencia de la instancia única o plural. Opiniones en doctrina.— III. De las limitaciones a la procedencia apelatoria en el Cód. Proc. Civ. y Com. de la provincia de Santa Fe.— IV. Acerca de la determinación del agravio mínimo en la provincia de Santa Fe.— V. De la doble instancia como garantía constitucional y convencional. Constitucionalidad de la restricción impugnativa.— VI. Doctrina que considera a la doble instancia como garantía.— VII. De la convencionalidad de la inapelabilidad.— VIII. A modo de colofón.  t¿Te interesa el texto completo? Comunicate al correo: koha@justierradelfuego.gov.ar 09211aDERECHO ADMINISTRATIVO 0aDOBLE INSTANCIA926490 0284293251dBuenos Aires : AbeledoPerrot, 2012-oDA121tDerecho administrativo. Nº 162 noviembre/diciembre 2025z18510590 2udccANA